000 01062nam a2200301 i 4500
003 DO-SdBNP
005 20251015144941.0
007 ta
008 240402e1978 dr ||||| |||| 00| 0 spa d
040 _aDO-SdBNP
_bspa
_cBNPHU
_erda
041 _aspa
082 4 _a305.5097293
_bC343m 1978
_222
100 1 _aCassá, Roberto,
_d1948-
_eautor
_4aut.
_910888
245 1 0 _aModos de producción, clases sociales y luchas políticas :
_b(República Dominicana, Siglo XX) /
_cRoberto Cassá.
250 _atercera edición
264 1 _aSanto Domingo :
_bAlfa y Omega,
_c1978.
300 _a105 páginas ;
_c19 cm.
336 _atexto
_btxt
_2rdacontent
337 _asin mediación
_bn
_2rdamedia
338 _avolumen
_bnc
_2rdacarrier
590 _aInventariado 2024 / MF
650 0 _aClases sociales
_zRepública Dominicana
_91062
651 4 _aRepública Dominicana
_xCondiciones sociales
_946
651 4 _aRepública Dominicana
_xPolítica económica
_9643
651 4 _aRepública Dominicana
910 _aValidado. Control de calidad/ MAA
942 _2ddc
_cLBS1
999 _c56220
_d56220